| 000 | 00574nam a22002057a 4500 | ||
|---|---|---|---|
| 003 | dpl | ||
| 005 | 20180904130205.0 | ||
| 008 | 180904b xxu||||| |||| 00| 0 eng d | ||
| 010 | _aB-018115 | ||
| 020 | _c75.00 | ||
| 035 | _aB-018115 | ||
| 040 |
_adpl _bEN _c0 |
||
| 082 | _bRai | ||
| 100 | _aDr. Prabhakar Raizada | ||
| 245 |
_aThe Theory of Typewriting _cbY Dr. Prabhakar Raizada _hEN |
||
| 260 |
_aNew Delhi _bPitambar Publishing company (p) Ltd. _c2000 |
||
| 270 |
_a888, East Park Road, Karolbagh _bDelhi _e110005 |
||
| 300 |
_a140pgs _c21cm |
||
| 942 |
_2ddc _cEN _mRai |
||
| 999 |
_c156875 _d156875 |
||